[Event "Klatovy op-A"]
[Site "Klatovy"]
[Date "2001.??.??"]
[Round "?"]
[White "Grus, Jan"]
[Black "Cakl, Zdenek"]
[Result "1/2-1/2"]
[WhiteElo "1890"]
[BlackElo "1945"]
[PlyCount "39"]
[EventDate "2001.07.??"]
[EventType "swiss"]
[EventRounds "9"]
[EventCountry "CZE"]
[SourceTitle "EXT 2006"]
[Source "ChessBase"]
[SourceDate "2005.11.24"]
[SourceVersion "1"]
[SourceVersionDate "2005.11.24"]
[SourceQuality "1"]

1. e4 c5 2. Nf3 Nc6 3. c3 d5 4. exd5 Qxd5 5. d4 cxd4 6. cxd4 e5 7. Nc3 Bb4 8. dxe5 Qxd1+ 9. Kxd1 Bg4 10. Be2 0-0-0+ 11. Ke1 Bxf3 12. gxf3 Nxe5 13. Be3 Bxc3+ 14. bxc3 Nc6 15. Rc1 Nge7 16. Bg5 Rhe8 17. Rd1 Rxd1+ 18. Bxd1 Nd5+ 19. Kd2 Ne5 20. Kc2 1/2-1/2

[Event "Klatovy op-A"]
[Site "Klatovy"]
[Date "2001.??.??"]
[Round "?"]
[White "Grus, Jan"]
[Black "Ceplecha, Tomas"]
[Result "0-1"]
[WhiteElo "1890"]
[BlackElo "1970"]
[PlyCount "110"]
[EventDate "2001.07.??"]
[EventType "swiss"]
[EventRounds "9"]
[EventCountry "CZE"]
[SourceTitle "EXT 2006"]
[Source "ChessBase"]
[SourceDate "2005.11.24"]
[SourceVersion "1"]
[SourceVersionDate "2005.11.24"]
[SourceQuality "1"]

1. e4 d6 2. d4 Nf6 3. Nc3 e5 4. Nf3 Nbd7 5. Be2 Be7 6. 0-0 0-0 7. h3 c6 8. Be3 Qc7 9. Qd2 b5 10. a3 Bb7 11. Nh2 a6 12. f4 exd4 13. Bxd4 c5 14. Bxf6 Nxf6 15. Bf3 b4 16. Nd5 Nxd5 17. exd5 Qb6 18. Kh1 Bf6 19. c3 bxc3 20. bxc3 Qa5 21. Rfc1 Bc8 22. Ng4 Bxg4 23. Bxg4 Rab8 24. Ra2 Rb3 25. c4 Qxd2 26. Rxd2 Rxa3 27. Rb1 Bd4 28. Rdd1 f5 29. Be2 Re8 30. Bf3 Ra4 31. Rb6 Rd8 32. Re1 Rxc4 33. Rxa6 Bf2 34. Rf1 Bg3 35. Be2 Rxf4 36. Rxf4 Bxf4 37. Rc6 Re8 38. g3 Bxg3 39. Bf3 Be5 40. Rc7 Kf8 41. Kg2 Re7 42. Rc8+ Kf7 43. Bh5+ g6 44. Be2 Ra7 45. Bc4 Kf6 46. Rb8 Kg5 47. Rb3 Ra4 48. Be2 c4 49. h4+ Kxh4 50. Rh3+ Kg5 51. Rxh7 c3 52. Bd3 Rd4 53. Be2 c2 54. Rc7 Rd2 55. Kf3 Bb2 0-1

[Event "Klatovy op-A"]
[Site "Klatovy"]
[Date "2001.??.??"]
[Round "?"]
[White "Koubkova, Alena"]
[Black "Grus, Jan"]
[Result "1/2-1/2"]
[WhiteElo "1975"]
[BlackElo "1890"]
[PlyCount "46"]
[EventDate "2001.07.??"]
[EventType "swiss"]
[EventRounds "9"]
[EventCountry "CZE"]
[SourceTitle "EXT 2006"]
[Source "ChessBase"]
[SourceDate "2005.11.24"]
[SourceVersion "1"]
[SourceVersionDate "2005.11.24"]
[SourceQuality "1"]

1. e4 c5 2. Nc3 Nc6 3. g3 g6 4. Bg2 Bg7 5. d3 e6 6. Be3 d6 7. Qd2 Nge7 8. Bh6 0-0 9. h4 Nd4 10. Bxg7 Kxg7 11. h5 Rh8 12. Nce2 Nec6 13. c3 Nxe2 14. Nxe2 Bd7 15. g4 h6 16. hxg6 fxg6 17. f4 e5 18. f5 Qg5 19. Qxg5 hxg5 20. Kd2 Kf6 21. Ke3 Rh4 22. Kf3 Rah8 23. Ng3 Ne7 1/2-1/2

[Event "Klatovy op-A"]
[Site "Klatovy"]
[Date "2000.??.??"]
[Round "?"]
[White "Chalupecky, Vladimir"]
[Black "Grus, Jan"]
[Result "1-0"]
[WhiteElo "1970"]
[BlackElo "1850"]
[PlyCount "51"]
[EventDate "2000.??.??"]
[EventType "swiss"]
[EventRounds "9"]
[EventCountry "CZE"]
[SourceTitle "EXT 2003"]
[Source "ChessBase"]
[SourceDate "2002.11.25"]
[SourceVersion "1"]
[SourceVersionDate "2002.11.25"]
[SourceQuality "1"]

1. e4 c5 2. Nf3 d6 3. d4 cxd4 4. Nxd4 Nf6 5. Nc3 g6 6. Be2 Bg7 7. Be3 0-0 8. g4 Nc6 9. g5 Ne8 10. h4 Nc7 11. Qd2 d5 12. Nxc6 bxc6 13. 0-0-0 e5 14. Bc5 Re8 15. exd5 cxd5 16. f3 Be6 17. h5 a5 18. hxg6 fxg6 19. Rh2 d4 20. Ne4 Nd5 21. Rdh1 Rb8 22. Rxh7 Nf4 23. Bd6 Qb6 24. Rxg7+ Kxg7 25. Bxe5+ Kf8 26. Qxf4+ 1-0

[Event "Klatovy op-A"]
[Site "Klatovy"]
[Date "2000.??.??"]
[Round "?"]
[White "Kupka, Frantisek"]
[Black "Grus, Jan"]
[Result "1/2-1/2"]
[WhiteElo "1945"]
[BlackElo "1850"]
[PlyCount "112"]
[EventDate "2000.??.??"]
[EventType "swiss"]
[EventRounds "9"]
[EventCountry "CZE"]
[SourceTitle "EXT 2003"]
[Source "ChessBase"]
[SourceDate "2002.11.25"]
[SourceVersion "1"]
[SourceVersionDate "2002.11.25"]
[SourceQuality "1"]

1. e4 c5 2. Nf3 d6 3. d4 cxd4 4. Nxd4 Nf6 5. Nc3 g6 6. Be3 Bg7 7. f3 0-0 8. Qd2 Nc6 9. 0-0-0 d5 10. Kb1 e6 11. exd5 Nxd5 12. Nxd5 Qxd5 13. Nxc6 bxc6 14. c4 Qf5+ 15. Qc2 Rb8 16. b3 Qa5 17. Bd4 Bxd4 18. Rxd4 e5 19. Rd1 Bf5 20. Bd3 Bxd3 21. Rxd3 Qa3 22. Qb2 Qc5 23. Rc1 a5 24. h4 Rfd8 25. Rd2 Rd4 26. Rxd4 exd4 27. Rd1 Rd8 28. Qe2 Qf5+ 29. Qd3 Qxd3+ 30. Rxd3 c5 31. Kc2 Re8 32. Kd1 h5 33. a3 Rb8 34. Kc2 Kg7 35. Rd2 Kf6 36. Rd1 Rb6 37. Rb1 Re6 38. Kd2 Kf5 39. b4 axb4 40. axb4 cxb4 41. Rxb4 Kf4 42. Kd3 Kg3 43. Rb2 Kxh4 44. c5 f5 45. Rc2 g5 46. c6 Re8 47. c7 Rc8 48. Kxd4 Kg3 49. Ke5 f4 50. Kd6 g4 51. fxg4 hxg4 52. Kd7 Rxc7+ 53. Kxc7 f3 54. gxf3 gxf3 55. Kd6 f2 56. Rxf2 Kxf2 1/2-1/2